| 000 | 00000nam 2200000za 4500 |
| 001 | 9.843359 |
| 003 | CaOODSP |
| 005 | 20221107152515 |
| 007 | cr ||||||||||| |
| 008 | 170911s2014 onc #o f000 0 fre d |
| 040 | |aCaOODSP|bfre |
| 043 | |an-cn--- |
| 086 | 1 |aH14-229/2014F-PDF |
| 245 | 00|aÉvaluation des Services d'aide aux employés, 2009-2010 à 2013-2014 |h[ressource électronique] / |cpréparer par le Bureau de l'évaluation, Santé Canada et Agence de la santé publique du Canada. |
| 246 | 17|aRapport d’évaluation de Santé Canada et de l’Agence de la santé publique du Canada |
| 260 | |a[Ottawa] : |bSanté Canada et Agence de la santé publique du Canada, |c2014. |
| 300 | |avii, 43 p. |
| 500 | |aPubl. aussi en anglais sous le titre : Evaluation of Employee Assistance Services, 2009-2010 to 2013-2014. |
| 500 | |aTitre de la couv. |
| 500 | |a« Août 2014 ». |
| 504 | |aComprend des références bibliographiques. |
| 520 | |a« L’évaluation avait pour objet de mesurer la pertinence et le rendement des Services d’aide aux employés (SAE) pour la période de 2009-2010 à 2013-2014. L’évaluation a été menée conformément à la Politique sur l’évaluation (2009) du Conseil du Trésor du Canada, laquelle exige maintenant que toutes les dépenses directes de programme soient évaluées au moins une fois tous les cinq ans »--Sommaire, p. ii. |
| 692 | 07|2gccst|aSanté |
| 692 | 07|2gccst|aTravailleur |
| 710 | 1 |aCanada. |bSanté Canada. |
| 710 | 2 |aAgence de santé publique du Canada. |
| 775 | 08|tEvaluation of Employee Assistance Services, 2009-2010 to 2013-2014 |w(CaOODSP)9.843357 |
| 856 | 40|qPDF|s312 Ko|uhttps://publications.gc.ca/collections/collection_2017/sc-hc/H14-229-2014-fra.pdf |